[Event "398 Stay Safe Play From Home series"]
[Site "Emanuel Lasker Arena"]
[Date "2020.08.20"]
[Round "7"]
[White "Buzaglo"]
[Black "Lamborghini"]
[Result "0-1"]
[WhiteElo "1886"]
[BlackElo "2253"]
[PlyCount "90"]
[EventDate "2020.08.20"]
[EventType "swiss (blitz)"]

1. d4 {[%emt 0:00:01]} Nf6 {[%emt 0:00:02]} 2. Nf3 {[%emt 0:00:00]} g6 {[%emt 0:00:00]} 3. g3 {[%emt 0:00:00]} Bg7 {[%emt 0:00:00]} 4. Bg2 {[%emt 0:00:00]} O-O {[%emt 0:00:00]} 5. O-O {[%emt 0:00:00]} c6 {[%emt 0:00:00]} 6. c4 {[%emt 0:00:00]} d6 {[%emt 0:00:00]} 7. Nc3 {[%emt 0:00:00]} Qa5 {[%emt 0:00:00]} 8. e4 {[%emt 0:00:00]} Bg4 {[%emt 0:00:02]} 9. e5 {[%emt 0:00:00]} dxe5 {[%emt 0:00:01]} 10. dxe5 {[%emt 0:00:01]} Bxf3 {[%emt 0:00:01]} 11. Bxf3 {[%emt 0:00:03]} Qxe5 {[%emt 0:00:00]} 12. Bf4 {[%emt 0:00:02]} Qa5 {[%emt 0:00:01]} 13. Rc1 {[%emt 0:00:02]} Nbd7 {[%emt 0:00:01]} 14. Ne4 {[%emt 0:00:02]} Nxe4 {[%emt 0:00:01]} 15. Bxe4 {[%emt 0:00:00]} Nf6 {[%emt 0:00:01]} 16. Bg2 {[%emt 0:00:01]} Rad8 {[%emt 0:00:00]} 17. Qc2 {[%emt 0:00:01]} Rfe8 {[%emt 0:00:01]} 18. a3 {[%emt 0:00:00]} e5 {[%emt 0:00:01]} 19. b4 {[%emt 0:00:01]} Qc7 {[%emt 0:00:02]} 20. Bg5 {[%emt 0:00:01]} h6 {[%emt 0:00:01]} 21. Be3 {[%emt 0:00:01]} Ng4 {[%emt 0:00:02]} 22. Bd2 {[%emt 0:00:01]} f5 {[%emt 0:00:02]} 23. Bc3 {[%emt 0:00:01]} e4 {[%emt 0:00:01]} 24. Bxg7 {[%emt 0:00:01]} Qxg7 {[%emt 0:00:00]} 25. h3 {[%emt 0:00:00]} Ne5 {[%emt 0:00:01]} 26. b5 {[%emt 0:00:01]} c5 {[%emt 0:00:01]} 27. a4 {[%emt 0:00:01]} Rd4 {[%emt 0:00:01]} 28. a5 {[%emt 0:00:01]} Red8 {[%emt 0:00:00]} 29. Qa4 {[%emt 0:00:02]} Kh7 {[%emt 0:00:01]} 30. b6 {[%emt 0:00:01]} a6 {[%emt 0:00:01]} 31. h4 {[%emt 0:00:04]} h5 {[%emt 0:00:01]} 32. Bh3 {[%emt 0:00:02]} Rd2 {[%emt 0:00:01]} 33. Rce1 {[%emt 0:00:03]} R8d4 {[%emt 0:00:02]} 34. Qb3 {[%emt 0:00:01]} Nf3+ {[%emt 0:00:01]} 35. Kg2 {[%emt 0:00:01]} R4d3 {[%emt 0:00:01]} 36. Qb1 {[%emt 0:00:01]} Qd4 {[%emt 0:00:01]} 37. Rd1 {[%emt 0:00:06]} e3 {[%emt 0:00:01]} 38. Rxd2 {[%emt 0:00:02]} exd2 {[%emt 0:00:01]} 39. Qd1 {[%emt 0:00:03]} Qe4 {[%emt 0:00:01]} 40. Bg4 {[%emt 0:00:04]} hxg4 {[%emt 0:00:01]} 41. Re1 {[%emt 0:00:02]} Nxe1+ {[%emt 0:00:02]} 42. Kf1 {[%emt 0:00:02]} Qg2+ {[%emt 0:00:01]} 43. Ke2 {[%emt 0:00:01]} Qf3+ {[%emt 0:00:01]} 44. Kf1 {[%emt 0:00:01]} Qxd1 {[%emt 0:00:01]} 45. Kg1 {[%emt 0:00:02]} Nf3+ {[%emt 0:00:00] Time Time Time (Lag: Av=0.55s, max=1.1s) (Lag: Av=0.55s, max=1.1s) (Lag: Av=0.55s, max=1.1s) . . .} 0-1

[Event "398 Stay Safe Play From Home series"]
[Site "Emanuel Lasker Arena"]
[Date "2020.08.20"]
[Round "7"]
[White "Klasman"]
[Black "Trapper"]
[Result "0-1"]
[WhiteElo "1403"]
[BlackElo "1638"]
[Annotator "NA"]
[PlyCount "46"]
[EventDate "2020.08.20"]
[EventType "swiss (blitz)"]

1. f4 {[%emt 0:00:02]} c5 {[%emt 0:00:02]} 2. e4 {[%emt 0:00:03]} Nc6 {[%emt 0:00:00]} 3. Nf3 {[%emt 0:00:01]} e6 {[%emt 0:00:01]} 4. c4 {[%emt 0:00:02]} d5 {[%emt 0:00:01]} 5. cxd5 {[%emt 0:00:01]} exd5 {[%emt 0:00:00]} 6. exd5 {[%emt 0:00:02]} Qxd5 {[%emt 0:00:01]} 7. Nc3 {[%emt 0:00:01]} Qd8 {[%emt 0:00:04]} 8. Bb5 {[%emt 0:00:03]} Nf6 {[%emt 0:00:01]} 9. Ne5 {[%emt 0:00:02]} Bd7 {[%emt 0:00:01]} 10. Nxd7 {[%emt 0:00:02]} Nxd7 {[%emt 0:00:03]} 11. Bxc6 {[%emt 0:00:04]} bxc6 {[%emt 0:00:01]} 12. O-O {[%emt 0:00:06]} Be7 {[%emt 0:00:01]} 13. Qe2 {[%emt 0:00:05]} O-O {[%emt 0:00:01]} 14. Ne4 {[%emt 0:00:03]} Nb6 {[%emt 0:00:02]} 15. Ng5 {[%emt 0:00:04]} Bxg5 {[%emt 0:00:03]} 16. fxg5 {[%emt 0:00:01]} Qxg5 {[%emt 0:00:01]} 17. d4 {[%emt 0:00:01]} Qd5 {[%emt 0:00:08]} 18. dxc5 {[%emt 0:00:04]} Qxc5+ {[%emt 0:00:01]} 19. Be3 {[%emt 0:00:02]} Qb5 {[%emt 0:00:02]} 20. Kh1 {[%emt 0:00:02]} Qxe2 {[%emt 0:00:01]} 21. Rf2 {[%emt 0:00:03]} Qxe3 {[%emt 0:00:01]} 22. Raf1 {[%emt 0:00:03]} Nc4 {[%emt 0:00:01]} 23. b3 {[%emt 0:00:02]} Ne5 {[%emt 0:00:03] Time Time Time (Lag: Av=0.88s, max=1.0s) (Lag: Av=0.88s, max=1.0s) (Lag: Av=0.88s, max=1.0s)} 0-1

[Event "398 Stay Safe Play From Home series"]
[Site "Emanuel Lasker Arena"]
[Date "2020.08.20"]
[Round "8"]
[White "Kasparov Garry"]
[Black "AlexK"]
[Result "1-0"]
[WhiteElo "2488"]
[BlackElo "2085"]
[PlyCount "79"]
[EventDate "2020.08.20"]
[EventType "swiss (blitz)"]

1. d4 {[%emt 0:00:03]} d5 {[%emt 0:00:01]} 2. c4 {[%emt 0:00:01]} Nf6 {[%emt 0:00:00]} 3. Nc3 {[%emt 0:00:01]} g6 {[%emt 0:00:01]} 4. cxd5 {[%emt 0:00:01]} Nxd5 {[%emt 0:00:00]} 5. e4 {[%emt 0:00:05]} Nxc3 {[%emt 0:00:01]} 6. bxc3 {[%emt 0:00:01]} Bg7 {[%emt 0:00:00]} 7. Nf3 {[%emt 0:00:01]} c5 {[%emt 0:00:01]} 8. Be2 {[%emt 0:00:01]} O-O {[%emt 0:00:01]} 9. Be3 {[%emt 0:00:01]} Nc6 {[%emt 0:00:01]} 10. h3 {[%emt 0:00:01]} Qc7 {[%emt 0:00:02]} 11. O-O {[%emt 0:00:01]} Rd8 {[%emt 0:00:01]} 12. Qc2 {[%emt 0:00:01]} Bd7 {[%emt 0:00:03]} 13. d5 {[%emt 0:00:01]} Na5 {[%emt 0:00:01]} 14. Bg5 {[%emt 0:00:01]} Re8 {[%emt 0:00:02]} 15. Rfd1 {[%emt 0:00:01]} Rac8 {[%emt 0:00:01]} 16. Bf1 {[%emt 0:00:01]} a6 {[%emt 0:00:01]} 17. Bxe7 {[%emt 0:00:01]} b5 {[%emt 0:00:11]} 18. Bh4 {[%emt 0:00:01]} Qf4 {[%emt 0:00:03]} 19. Re1 {[%emt 0:00:01]} Nc4 {[%emt 0:00:03]} 20. Bg3 {[%emt 0:00:01]} Qf6 {[%emt 0:00:03]} 21. e5 {[%emt 0:00:01]} Qe7 {[%emt 0:00:02]} 22. Bxc4 {[%emt 0:00:01]} bxc4 {[%emt 0:00:01]} 23. Bh4 {[%emt 0:00:01]} Qf8 {[%emt 0:00:02]} 24. Qb1 {[%emt 0:00:01]} Bf5 {[%emt 0:00:01]} 25. Qb6 {[%emt 0:00:01]} Bd3 {[%emt 0:00:01]} 26. d6 {[%emt 0:00:01]} Bf5 {[%emt 0:00:03]} 27. Rad1 {[%emt 0:00:01]} Bd7 {[%emt 0:00:01]} 28. Qa7 {[%emt 0:00:01]} Red8 {[%emt 0:00:01]} 29. Be7 {[%emt 0:00:01]} Qe8 {[%emt 0:00:01]} 30. Bxd8 {[%emt 0:00:01]} Qxd8 {[%emt 0:00:01]} 31. Rd5 {[%emt 0:00:01]} h6 {[%emt 0:00:01]} 32. Rb1 {[%emt 0:00:01]} Bb5 {[%emt 0:00:01]} 33. Rxc5 {[%emt 0:00:01]} Ra8 {[%emt 0:00:02]} 34. Qc7 {[%emt 0:00:01]} Qe8 {[%emt 0:00:01]} 35. Qb7 {[%emt 0:00:01]} Rb8 {[%emt 0:00:02]} 36. d7 {[%emt 0:00:01]} Rxb7 {[%emt 0:00:01]} 37. dxe8=Q+ {[%emt 0:00:01]} Kh7 {[%emt 0:00:00]} 38. Qd8 {[%emt 0:00:01]} Rd7 {[%emt 0:00:01]} 39. Qc8 {[%emt 0:00:01]} Rd2 {[%emt 0:00:01]} 40. Nxd2 {[%emt 0:00:01] TimeB TimeB TimeB} 1-0

[Event "398 Stay Safe Play From Home series"]
[Site "Emanuel Lasker Arena"]
[Date "2020.08.20"]
[Round "8"]
[White "Broken sword"]
[Black "Mepe_Nika"]
[Result "1-0"]
[WhiteElo "2446"]
[BlackElo "2330"]
[PlyCount "149"]
[EventDate "2020.08.20"]
[EventType "swiss (blitz)"]

1. e4 {[%emt 0:00:01]} c6 {[%emt 0:00:01]} 2. d4 {[%emt 0:00:01]} d5 {[%emt 0:00:00]} 3. exd5 {[%emt 0:00:01]} cxd5 {[%emt 0:00:01]} 4. Bd3 {[%emt 0:00:00]} Nc6 {[%emt 0:00:01]} 5. c3 {[%emt 0:00:01]} Nf6 {[%emt 0:00:01]} 6. h3 {[%emt 0:00:01]} e5 {[%emt 0:00:01]} 7. dxe5 {[%emt 0:00:00]} Nxe5 {[%emt 0:00:00]} 8. Bc2 {[%emt 0:00:01]} Bd6 {[%emt 0:00:02]} 9. Nf3 {[%emt 0:00:00]} O-O {[%emt 0:00:01]} 10. O-O {[%emt 0:00:01]} Re8 {[%emt 0:00:01]} 11. Nxe5 {[%emt 0:00:01]} Bxe5 {[%emt 0:00:02]} 12. Nd2 {[%emt 0:00:00]} Be6 {[%emt 0:00:01]} 13. Nf3 {[%emt 0:00:01]} Bc7 {[%emt 0:00:00]} 14. Bg5 {[%emt 0:00:01]} h6 {[%emt 0:00:01]} 15. Bh4 {[%emt 0:00:00]} Qd6 {[%emt 0:00:02]} 16. Bg3 {[%emt 0:00:01]} Qb6 {[%emt 0:00:02]} 17. Bxc7 {[%emt 0:00:01]} Qxc7 {[%emt 0:00:00]} 18. Re1 {[%emt 0:00:01]} Rad8 {[%emt 0:00:01]} 19. Nd4 {[%emt 0:00:01]} Kh8 {[%emt 0:00:03]} 20. Qf3 {[%emt 0:00:01]} a6 {[%emt 0:00:02]} 21. a3 {[%emt 0:00:01]} b5 {[%emt 0:00:01]} 22. Qd3 {[%emt 0:00:00]} Kg8 {[%emt 0:00:01]} 23. Re3 {[%emt 0:00:01]} Qd6 {[%emt 0:00:01]} 24. Rae1 {[%emt 0:00:01]} Bd7 {[%emt 0:00:00]} 25. Qe2 {[%emt 0:00:02]} Rxe3 {[%emt 0:00:02]} 26. Qxe3 {[%emt 0:00:00]} Re8 {[%emt 0:00:00]} 27. Qd2 {[%emt 0:00:00]} Rxe1+ {[%emt 0:00:01]} 28. Qxe1 {[%emt 0:00:00]} Kf8 {[%emt 0:00:02]} 29. Qe3 {[%emt 0:00:01]} Be6 {[%emt 0:00:01]} 30. f3 {[%emt 0:00:01]} g6 {[%emt 0:00:01]} 31. Qxh6+ {[%emt 0:00:01]} Ke7 {[%emt 0:00:01]} 32. Qg5 {[%emt 0:00:00]} Bd7 {[%emt 0:00:03]} 33. Kf2 {[%emt 0:00:02]} Kd8 {[%emt 0:00:00]} 34. h4 {[%emt 0:00:01]} Kc7 {[%emt 0:00:00]} 35. Qg3 {[%emt 0:00:01]} Qxg3+ {[%emt 0:00:01]} 36. Kxg3 {[%emt 0:00:00]} Kd6 {[%emt 0:00:00]} 37. Kf2 {[%emt 0:00:01]} Nh5 {[%emt 0:00:00]} 38. Ke3 {[%emt 0:00:02]} Ng3 {[%emt 0:00:01]} 39. Ne2 {[%emt 0:00:01]} Bf5 {[%emt 0:00:02]} 40. Nxg3 {[%emt 0:00:02]} Bxc2 {[%emt 0:00:01]} 41. Ne2 {[%emt 0:00:01]} a5 {[%emt 0:00:01]} 42. Nd4 {[%emt 0:00:01]} Ba4 {[%emt 0:00:00]} 43. g4 {[%emt 0:00:01]} Ke5 {[%emt 0:00:01]} 44. f4+ {[%emt 0:00:01]} Kf6 {[%emt 0:00:01]} 45. Nc6 {[%emt 0:00:02]} Bd1 {[%emt 0:00:02]} 46. g5+ {[%emt 0:00:02]} Kf5 {[%emt 0:00:01]} 47. Nxa5 {[%emt 0:00:00]} Kg4 {[%emt 0:00:01]} 48. Nc6 {[%emt 0:00:01]} Bb3 {[%emt 0:00:01]} 49. Nd4 {[%emt 0:00:01]} Bc4 {[%emt 0:00:00]} 50. Nc6 {[%emt 0:00:00]} Kxh4 {[%emt 0:00:01]} 51. Ne5 {[%emt 0:00:00]} Kg3 {[%emt 0:00:01]} 52. Nc6 {[%emt 0:00:02]} Kg4 {[%emt 0:00:01]} 53. Nd4 {[%emt 0:00:00]} Kg3 {[%emt 0:00:01]} 54. Nc2 {[%emt 0:00:01]} Kg4 {[%emt 0:00:01]} 55. Nb4 {[%emt 0:00:01]} Kf5 {[%emt 0:00:01]} 56. Kf3 {[%emt 0:00:01]} f6 {[%emt 0:00:00]} 57. gxf6 {[%emt 0:00:01]} Kxf6 {[%emt 0:00:00]} 58. Kg4 {[%emt 0:00:00]} Be2+ {[%emt 0:00:01]} 59. Kg3 {[%emt 0:00:00]} g5 {[%emt 0:00:00]} 60. fxg5+ {[%emt 0:00:01]} Kxg5 {[%emt 0:00:00]} 61. Kf2 {[%emt 0:00:00]} Bc4 {[%emt 0:00:01]} 62. Ke3 {[%emt 0:00:00]} Kf5 {[%emt 0:00:00]} 63. Kd4 {[%emt 0:00:00]} Ke6 {[%emt 0:00:01]} 64. Nc6 {[%emt 0:00:02]} Bf1 {[%emt 0:00:00]} 65. Ne5 {[%emt 0:00:01]} Kd6 {[%emt 0:00:00]} 66. Nd3 {[%emt 0:00:01]} Kc6 {[%emt 0:00:00]} 67. Nb4+ {[%emt 0:00:00]} Kd6 {[%emt 0:00:01]} 68. Nxd5 {[%emt 0:00:00]} Bg2 {[%emt 0:00:00]} 69. Nb4 {[%emt 0:00:00]} Kc7 {[%emt 0:00:01]} 70. Nd3 {[%emt 0:00:00]} Kb6 {[%emt 0:00:00]} 71. Ne5 {[%emt 0:00:00]} Bf1 {[%emt 0:00:00]} 72. Ng4 {[%emt 0:00:01]} Ka5 {[%emt 0:00:00]} 73. Ne3 {[%emt 0:00:00]} Ka4 {[%emt 0:00:00]} 74. c4 {[%emt 0:00:02]} Kb3 {[%emt 0:00:00]} 75. cxb5 {[%emt 0:00:01] Time Time Time (Lag: Av=0.35s, max=1.0s) (Lag: Av=0.35s, max=1.0s) (Lag: Av=0.35s, max=1.0s)} 1-0

[Event "398 Stay Safe Play From Home series"]
[Site "Emanuel Lasker Arena"]
[Date "2020.08.20"]
[Round "8"]
[White "AChessPlayer"]
[Black "MihailoVujic"]
[Result "1-0"]
[WhiteElo "2379"]
[BlackElo "2230"]
[PlyCount "89"]
[EventDate "2020.08.20"]
[EventType "swiss (blitz)"]

1. Nf3 {[%emt 0:00:01]} d5 {[%emt 0:00:01]} 2. g3 {[%emt 0:00:00]} Nc6 {[%emt 0:00:01]} 3. Bg2 {[%emt 0:00:00]} Bg4 {[%emt 0:00:01]} 4. d4 {[%emt 0:00:02]} Qd7 {[%emt 0:00:02]} 5. h3 {[%emt 0:00:02]} Bxf3 {[%emt 0:00:01]} 6. exf3 {[%emt 0:00:01]} Qe6+ {[%emt 0:00:02]} 7. Be3 {[%emt 0:00:02]} Nh6 {[%emt 0:00:01]} 8. g4 {[%emt 0:00:02]} g6 {[%emt 0:00:02]} 9. O-O {[%emt 0:00:02]} Bg7 {[%emt 0:00:01]} 10. Qd2 {[%emt 0:00:01]} Ng8 {[%emt 0:00:03]} 11. f4 {[%emt 0:00:00]} O-O-O {[%emt 0:00:02]} 12. Nc3 {[%emt 0:00:00]} Nf6 {[%emt 0:00:01]} 13. Rfe1 {[%emt 0:00:01]} Ne4 {[%emt 0:00:01]} 14. Nxe4 {[%emt 0:00:01]} dxe4 {[%emt 0:00:00]} 15. c3 {[%emt 0:00:01]} f5 {[%emt 0:00:01]} 16. Qe2 {[%emt 0:00:02]} Qf7 {[%emt 0:00:04]} 17. Red1 {[%emt 0:00:04]} e6 {[%emt 0:00:03]} 18. b4 {[%emt 0:00:02]} Ne7 {[%emt 0:00:00]} 19. c4 {[%emt 0:00:05]} fxg4 {[%emt 0:00:02]} 20. hxg4 {[%emt 0:00:01]} h5 {[%emt 0:00:00]} 21. Bxe4 {[%emt 0:00:00]} hxg4 {[%emt 0:00:01]} 22. Qxg4 {[%emt 0:00:01]} Nf5 {[%emt 0:00:00]} 23. Bg2 {[%emt 0:00:04]} Bxd4 {[%emt 0:00:03]} 24. Qf3 {[%emt 0:00:03]} c6 {[%emt 0:00:04]} 25. Bxd4 {[%emt 0:00:01]} Nxd4 {[%emt 0:00:01]} 26. Qe4 {[%emt 0:00:01]} Qf5 {[%emt 0:00:02]} 27. b5 {[%emt 0:00:01]} Qxe4 {[%emt 0:00:03]} 28. Bxe4 {[%emt 0:00:01]} Ne2+ {[%emt 0:00:00]} 29. Kf1 {[%emt 0:00:01]} Nxf4 {[%emt 0:00:01]} 30. bxc6 {[%emt 0:00:00]} bxc6 {[%emt 0:00:01]} 31. Bxc6 {[%emt 0:00:00]} Kc7 {[%emt 0:00:02]} 32. Be4 {[%emt 0:00:01]} g5 {[%emt 0:00:01]} 33. c5 {[%emt 0:00:01]} Rxd1+ {[%emt 0:00:02]} 34. Rxd1 {[%emt 0:00:01]} Rd8 {[%emt 0:00:01]} 35. Rb1 {[%emt 0:00:01]} Rd2 {[%emt 0:00:02]} 36. a4 {[%emt 0:00:02]} Ra2 {[%emt 0:00:01]} 37. f3 {[%emt 0:00:01]} Rxa4 {[%emt 0:00:01]} 38. Rb7+ {[%emt 0:00:01]} Kc8 {[%emt 0:00:00]} 39. Rg7 {[%emt 0:00:00]} Nd5 {[%emt 0:00:01]} 40. Rxg5 {[%emt 0:00:01]} Rd4 {[%emt 0:00:01]} 41. Ke2 {[%emt 0:00:01]} Nc3+ {[%emt 0:00:01]} 42. Ke3 {[%emt 0:00:01]} Rd1 {[%emt 0:00:01]} 43. Rg8+ {[%emt 0:00:01]} Kc7 {[%emt 0:00:01]} 44. Rg7+ {[%emt 0:00:00]} Kc8 {[%emt 0:00:01]} 45. Rxa7 {[%emt 0:00:01] Time Time Time (Lag: Av=0.82s, max=1.9s) (Lag: Av=0.82s, max=1.9s) (Lag: Av=0.82s, max=1.9s)} 1-0

[Event "398 Stay Safe Play From Home series"]
[Site "Emanuel Lasker Arena"]
[Date "2020.08.20"]
[Round "8"]
[White "Lamborghini"]
[Black "IceQueen"]
[Result "0-1"]
[WhiteElo "2257"]
[BlackElo "2467"]
[PlyCount "106"]
[EventDate "2020.08.20"]
[EventType "swiss (blitz)"]

1. e4 {[%emt 0:00:03]} d6 {[%emt 0:00:00]} 2. d4 {[%emt 0:00:01]} Nf6 {[%emt 0:00:00]} 3. Nc3 {[%emt 0:00:00]} g6 {[%emt 0:00:00]} 4. Be3 {[%emt 0:00:01]} c6 {[%emt 0:00:00]} 5. Qf3 {[%emt 0:00:01]} Nbd7 {[%emt 0:00:02]} 6. g4 {[%emt 0:00:02]} h6 {[%emt 0:00:01]} 7. h4 {[%emt 0:00:01]} Bg7 {[%emt 0:00:02]} 8. Bh3 {[%emt 0:00:01]} b5 {[%emt 0:00:01]} 9. e5 {[%emt 0:00:01]} dxe5 {[%emt 0:00:01]} 10. Qxc6 {[%emt 0:00:04]} Rb8 {[%emt 0:00:01]} 11. dxe5 {[%emt 0:00:01]} Bb7 {[%emt 0:00:02]} 12. Qxb5 {[%emt 0:00:01]} Bxh1 {[%emt 0:00:05]} 13. Qa4 {[%emt 0:00:02]} Nd5 {[%emt 0:00:02]} 14. Nxd5 {[%emt 0:00:03]} Bxd5 {[%emt 0:00:00]} 15. O-O-O {[%emt 0:00:01]} Be6 {[%emt 0:00:01]} 16. g5 {[%emt 0:00:01]} Bxh3 {[%emt 0:00:05]} 17. Nxh3 {[%emt 0:00:01]} Rb7 {[%emt 0:00:00]} 18. f4 {[%emt 0:00:01]} O-O {[%emt 0:00:01]} 19. gxh6 {[%emt 0:00:00]} Bxh6 {[%emt 0:00:01]} 20. h5 {[%emt 0:00:00]} Nb6 {[%emt 0:00:06]} 21. Qb3 {[%emt 0:00:02]} Qc8 {[%emt 0:00:01]} 22. hxg6 {[%emt 0:00:01]} Qxh3 {[%emt 0:00:02]} 23. gxf7+ {[%emt 0:00:01]} Rxf7 {[%emt 0:00:00]} 24. Rd8+ {[%emt 0:00:02]} Kg7 {[%emt 0:00:02]} 25. e6 {[%emt 0:00:02]} Rf6 {[%emt 0:00:00]} 26. Bd4 {[%emt 0:00:02]} Qxb3 {[%emt 0:00:00]} 27. axb3 {[%emt 0:00:01]} Bxf4+ {[%emt 0:00:01]} 28. Kb1 {[%emt 0:00:03]} a5 {[%emt 0:00:01]} 29. c3 {[%emt 0:00:01]} a4 {[%emt 0:00:01]} 30. bxa4 {[%emt 0:00:01]} Nc4 {[%emt 0:00:00]} 31. b4 {[%emt 0:00:01]} Nd6 {[%emt 0:00:02]} 32. Kc2 {[%emt 0:00:03]} Ne4 {[%emt 0:00:00]} 33. Bxf6+ {[%emt 0:00:02]} Nxf6 {[%emt 0:00:01]} 34. a5 {[%emt 0:00:01]} Be5 {[%emt 0:00:00]} 35. a6 {[%emt 0:00:02]} Rc7 {[%emt 0:00:00]} 36. Rd3 {[%emt 0:00:02]} Ne4 {[%emt 0:00:00]} 37. Re3 {[%emt 0:00:01]} Rxc3+ {[%emt 0:00:01]} 38. Rxc3 {[%emt 0:00:01]} Nxc3 {[%emt 0:00:00]} 39. a7 {[%emt 0:00:02]} Bd4 {[%emt 0:00:00]} 40. a8=Q {[%emt 0:00:00]} Nb5 {[%emt 0:00:01]} 41. Kb3 {[%emt 0:00:01]} Bf6 {[%emt 0:00:01]} 42. Qg2+ {[%emt 0:00:00]} Kf8 {[%emt 0:00:01]} 43. Qd5 {[%emt 0:00:01]} Nd4+ {[%emt 0:00:00]} 44. Kc4 {[%emt 0:00:00]} Kg7 {[%emt 0:00:01]} 45. Qd8 {[%emt 0:00:00]} Nf3 {[%emt 0:00:02]} 46. Qe8 {[%emt 0:00:00]} Ne5+ {[%emt 0:00:00]} 47. Kd5 {[%emt 0:00:01]} Kh6 {[%emt 0:00:00]} 48. b5 {[%emt 0:00:00]} Kg5 {[%emt 0:00:00]} 49. Qg8+ {[%emt 0:00:01]} Kf4 {[%emt 0:00:01]} 50. b6 {[%emt 0:00:00]} Nd3 {[%emt 0:00:00]} 51. b7 {[%emt 0:00:00]} Nb4+ {[%emt 0:00:00]} 52. Kc4 {[%emt 0:00:01]} Na6 {[%emt 0:00:00]} 53. b8=Q+ {[%emt 0:00:00]} Nxb8 {[%emt 0:00:00] Zeit Zeit Zeit (Lag: Av=0.40s, max=0.8s) (Lag: Av=0.40s, max=0.8s) (Lag: Av=0.40s, max=0.8s)} 0-1

[Event "398 Stay Safe Play From Home series"]
[Site "Emanuel Lasker Arena"]
[Date "2020.08.20"]
[Round "8"]
[White "Hickey"]
[Black "Buzaglo"]
[Result "1-0"]
[WhiteElo "2225"]
[BlackElo "1882"]
[PlyCount "119"]
[EventDate "2020.08.20"]
[EventType "swiss (blitz)"]

1. Nf3 {[%emt 0:00:01]} e6 {[%emt 0:00:00]} 2. c4 {[%emt 0:00:01]} d5 {[%emt 0:00:00]} 3. b3 {[%emt 0:00:00]} Nf6 {[%emt 0:00:00]} 4. Bb2 {[%emt 0:00:00]} c5 {[%emt 0:00:01]} 5. d3 {[%emt 0:00:00]} Bd6 {[%emt 0:00:00]} 6. e3 {[%emt 0:00:01]} d4 {[%emt 0:00:01]} 7. exd4 {[%emt 0:00:02]} cxd4 {[%emt 0:00:00]} 8. Bxd4 {[%emt 0:00:00]} O-O {[%emt 0:00:02]} 9. Bc3 {[%emt 0:00:01]} Qe7 {[%emt 0:00:02]} 10. Be2 {[%emt 0:00:00]} Bb4 {[%emt 0:00:01]} 11. O-O {[%emt 0:00:00]} Bxc3 {[%emt 0:00:02]} 12. Nxc3 {[%emt 0:00:00]} Qb4 {[%emt 0:00:00]} 13. Qc2 {[%emt 0:00:00]} Nc6 {[%emt 0:00:01]} 14. a3 {[%emt 0:00:01]} Qe7 {[%emt 0:00:01]} 15. d4 {[%emt 0:00:01]} Bd7 {[%emt 0:00:01]} 16. b4 {[%emt 0:00:02]} a6 {[%emt 0:00:01]} 17. Rad1 {[%emt 0:00:00]} Rad8 {[%emt 0:00:02]} 18. Rfe1 {[%emt 0:00:00]} Nb8 {[%emt 0:00:01]} 19. Bf1 {[%emt 0:00:03]} Rfe8 {[%emt 0:00:02]} 20. d5 {[%emt 0:00:00]} Qf8 {[%emt 0:00:00]} 21. Qb3 {[%emt 0:00:03]} exd5 {[%emt 0:00:01]} 22. Nxd5 {[%emt 0:00:01]} Nxd5 {[%emt 0:00:01]} 23. cxd5 {[%emt 0:00:00]} Rxe1 {[%emt 0:00:01]} 24. Rxe1 {[%emt 0:00:00]} Bf5 {[%emt 0:00:03]} 25. Nd4 {[%emt 0:00:01]} Bg6 {[%emt 0:00:01]} 26. a4 {[%emt 0:00:01]} Nd7 {[%emt 0:00:01]} 27. Bc4 {[%emt 0:00:01]} Nb6 {[%emt 0:00:01]} 28. Rd1 {[%emt 0:00:02]} Nxc4 {[%emt 0:00:01]} 29. Qxc4 {[%emt 0:00:00]} Qd6 {[%emt 0:00:01]} 30. Ne2 {[%emt 0:00:03]} h6 {[%emt 0:00:01]} 31. Qf4 {[%emt 0:00:02]} Qb6 {[%emt 0:00:04]} 32. a5 {[%emt 0:00:02]} Qb5 {[%emt 0:00:01]} 33. Nc3 {[%emt 0:00:02]} Qe8 {[%emt 0:00:03]} 34. h3 {[%emt 0:00:03]} Qd7 {[%emt 0:00:01]} 35. Rd2 {[%emt 0:00:01]} Qc8 {[%emt 0:00:02]} 36. Qd4 {[%emt 0:00:01]} Qf5 {[%emt 0:00:02]} 37. Kh2 {[%emt 0:00:01]} Rd6 {[%emt 0:00:02]} 38. Na4 {[%emt 0:00:01]} f6 {[%emt 0:00:02]} 39. Nc5 {[%emt 0:00:00]} Bf7 {[%emt 0:00:01]} 40. Nxb7 {[%emt 0:00:03]} Rxd5 {[%emt 0:00:01]} 41. Qe3 {[%emt 0:00:01]} Rxd2 {[%emt 0:00:02]} 42. Qxd2 {[%emt 0:00:00]} Qe5+ {[%emt 0:00:00]} 43. f4 {[%emt 0:00:03]} Kh7 {[%emt 0:00:00]} 44. fxe5 {[%emt 0:00:02]} fxe5 {[%emt 0:00:00]} 45. Nc5 {[%emt 0:00:00]} Bg6 {[%emt 0:00:00]} 46. Nxa6 {[%emt 0:00:00]} e4 {[%emt 0:00:00]} 47. Qe3 {[%emt 0:00:00]} Bf5 {[%emt 0:00:01]} 48. Nc5 {[%emt 0:00:00]} Kg6 {[%emt 0:00:00]} 49. Nxe4 {[%emt 0:00:00]} Kh7 {[%emt 0:00:01]} 50. Ng3 {[%emt 0:00:00]} Bg6 {[%emt 0:00:00]} 51. b5 {[%emt 0:00:00]} h5 {[%emt 0:00:00]} 52. b6 {[%emt 0:00:00]} h4 {[%emt 0:00:00]} 53. a6 {[%emt 0:00:00]} hxg3+ {[%emt 0:00:00]} 54. Qxg3 {[%emt 0:00:00]} Bf7 {[%emt 0:00:00]} 55. a7 {[%emt 0:00:00]} Bd5 {[%emt 0:00:00]} 56. b7 {[%emt 0:00:00]} Bxb7 {[%emt 0:00:01]} 57. Qh4+ {[%emt 0:00:00]} Kg8 {[%emt 0:00:00]} 58. Qg5 {[%emt 0:00:00]} Kf7 {[%emt 0:00:00]} 59. h4 {[%emt 0:00:00]} Ba8 {[%emt 0:00:00]} 60. h5 {[%emt 0:00:00] Time Time Time (Lag: Av=0.65s, max=1.3s) (Lag: Av=0.65s, max=1.3s) (Lag: Av=0.65s, max=1.3s)} 1-0